<?xml version="1.0" encoding="UTF-8"?>
<record
    xmlns:xsi="http://www.w3.org/2001/XMLSchema-instance"
    xsi:schemaLocation="http://www.loc.gov/MARC21/slim http://www.loc.gov/standards/marcxml/schema/MARC21slim.xsd"
    xmlns="http://www.loc.gov/MARC21/slim">

  <leader>00831nam a2200265   4500</leader>
  <controlfield tag="005">20250930112859.0</controlfield>
  <datafield tag="020" ind1=" " ind2=" ">
    <subfield code="a">9987617417</subfield>
    <subfield code="c">TZS 10,000/=</subfield>
  </datafield>
  <datafield tag="040" ind1=" " ind2=" ">
    <subfield code="a">MCCL</subfield>
    <subfield code="b">eng.</subfield>
    <subfield code="e">AACR 2nd rev. ed.</subfield>
  </datafield>
  <datafield tag="082" ind1=" " ind2=" ">
    <subfield code="a">657.45 MWI</subfield>
  </datafield>
  <datafield tag="100" ind1=" " ind2=" ">
    <subfield code="a">Mwisho A.M.</subfield>
  </datafield>
  <datafield tag="245" ind1=" " ind2=" ">
    <subfield code="a">The basics of auditing</subfield>
    <subfield code="c">/ A.M. Mwisho </subfield>
  </datafield>
  <datafield tag="260" ind1=" " ind2=" ">
    <subfield code="a">Mzumbe :</subfield>
    <subfield code="b">Research and publications department,</subfield>
    <subfield code="c">c2004.</subfield>
  </datafield>
  <datafield tag="300" ind1=" " ind2=" ">
    <subfield code="a">viii, 171 p. :</subfield>
    <subfield code="c">20 cm.</subfield>
    <subfield code="b">Ill.;</subfield>
  </datafield>
  <datafield tag="440" ind1=" " ind2=" ">
    <subfield code="v">1</subfield>
  </datafield>
  <datafield tag="504" ind1=" " ind2=" ">
    <subfield code="a">Includes index.</subfield>
  </datafield>
  <datafield tag="546" ind1=" " ind2=" ">
    <subfield code="a">eng.</subfield>
  </datafield>
  <datafield tag="650" ind1=" " ind2=" ">
    <subfield code="a">Auditing </subfield>
    <subfield code="z">Mzumbe UNiversity</subfield>
  </datafield>
  <datafield tag="650" ind1=" " ind2=" ">
    <subfield code="a">Management Audit</subfield>
    <subfield code="z">Mzumbe UNiversity</subfield>
  </datafield>
  <datafield tag="650" ind1=" " ind2=" ">
    <subfield code="a">Financial Audit</subfield>
    <subfield code="z">Mzumbe UNiversity</subfield>
  </datafield>
  <datafield tag="650" ind1=" " ind2=" ">
    <subfield code="a">Legal Reliability</subfield>
    <subfield code="z">Mzumbe UNiversity</subfield>
  </datafield>
  <datafield tag="650" ind1=" " ind2=" ">
    <subfield code="a">Computer Assisted  Audit</subfield>
    <subfield code="z">Mzumbe UNiversity</subfield>
  </datafield>
  <datafield tag="650" ind1=" " ind2=" ">
    <subfield code="a">Value for money</subfield>
    <subfield code="z">Mzumbe UNiversity</subfield>
  </datafield>
  <datafield tag="700" ind1=" " ind2=" ">
    <subfield code="a">Mwisho, A. M.</subfield>
  </datafield>
  <datafield tag="942" ind1=" " ind2=" ">
    <subfield code="c">BK</subfield>
  </datafield>
  <datafield tag="999" ind1=" " ind2=" ">
    <subfield code="c">11398</subfield>
    <subfield code="d">11398</subfield>
  </datafield>
  <datafield tag="952" ind1=" " ind2=" ">
    <subfield code="0">0</subfield>
    <subfield code="1">0</subfield>
    <subfield code="4">0</subfield>
    <subfield code="7">0</subfield>
    <subfield code="a">MU002</subfield>
    <subfield code="b">MU002</subfield>
    <subfield code="d">2023-10-01</subfield>
    <subfield code="l">0</subfield>
    <subfield code="o">657.45 MWI</subfield>
    <subfield code="p">003879</subfield>
    <subfield code="r">2025-09-30 11:29:58</subfield>
    <subfield code="t">1</subfield>
    <subfield code="w">2025-09-30</subfield>
    <subfield code="y">BK</subfield>
  </datafield>
  <datafield tag="952" ind1=" " ind2=" ">
    <subfield code="0">0</subfield>
    <subfield code="1">0</subfield>
    <subfield code="4">0</subfield>
    <subfield code="7">0</subfield>
    <subfield code="a">MU002</subfield>
    <subfield code="b">MU002</subfield>
    <subfield code="d">2023-10-01</subfield>
    <subfield code="l">0</subfield>
    <subfield code="o">657.45 MWI</subfield>
    <subfield code="p">003880</subfield>
    <subfield code="r">2025-09-30 11:29:58</subfield>
    <subfield code="t">2</subfield>
    <subfield code="w">2025-09-30</subfield>
    <subfield code="y">BK</subfield>
  </datafield>
  <datafield tag="952" ind1=" " ind2=" ">
    <subfield code="0">0</subfield>
    <subfield code="1">0</subfield>
    <subfield code="4">0</subfield>
    <subfield code="7">0</subfield>
    <subfield code="a">MU002</subfield>
    <subfield code="b">MU002</subfield>
    <subfield code="d">2023-10-01</subfield>
    <subfield code="l">0</subfield>
    <subfield code="o">657.45 MWI</subfield>
    <subfield code="p">003881</subfield>
    <subfield code="r">2025-09-30 11:29:58</subfield>
    <subfield code="t">3</subfield>
    <subfield code="w">2025-09-30</subfield>
    <subfield code="y">BK</subfield>
  </datafield>
  <datafield tag="952" ind1=" " ind2=" ">
    <subfield code="0">0</subfield>
    <subfield code="1">0</subfield>
    <subfield code="4">0</subfield>
    <subfield code="7">0</subfield>
    <subfield code="a">MU002</subfield>
    <subfield code="b">MU002</subfield>
    <subfield code="d">2023-10-01</subfield>
    <subfield code="l">0</subfield>
    <subfield code="o">657.45 MWI</subfield>
    <subfield code="p">003882</subfield>
    <subfield code="r">2025-09-30 11:29:58</subfield>
    <subfield code="t">4</subfield>
    <subfield code="w">2025-09-30</subfield>
    <subfield code="y">BK</subfield>
  </datafield>
  <datafield tag="952" ind1=" " ind2=" ">
    <subfield code="0">0</subfield>
    <subfield code="1">0</subfield>
    <subfield code="4">0</subfield>
    <subfield code="7">0</subfield>
    <subfield code="a">MU002</subfield>
    <subfield code="b">MU002</subfield>
    <subfield code="d">2023-10-01</subfield>
    <subfield code="l">0</subfield>
    <subfield code="o">657.45 MWI</subfield>
    <subfield code="p">003883</subfield>
    <subfield code="r">2025-09-30 11:29:58</subfield>
    <subfield code="t">5</subfield>
    <subfield code="w">2025-09-30</subfield>
    <subfield code="y">BK</subfield>
  </datafield>
  <datafield tag="952" ind1=" " ind2=" ">
    <subfield code="0">0</subfield>
    <subfield code="1">0</subfield>
    <subfield code="4">0</subfield>
    <subfield code="7">0</subfield>
    <subfield code="a">MU002</subfield>
    <subfield code="b">MU002</subfield>
    <subfield code="d">2023-10-01</subfield>
    <subfield code="l">0</subfield>
    <subfield code="o">657.45 MWI</subfield>
    <subfield code="p">003884</subfield>
    <subfield code="r">2025-09-30 11:29:58</subfield>
    <subfield code="t">6</subfield>
    <subfield code="w">2025-09-30</subfield>
    <subfield code="y">BK</subfield>
  </datafield>
  <datafield tag="952" ind1=" " ind2=" ">
    <subfield code="0">0</subfield>
    <subfield code="1">0</subfield>
    <subfield code="4">0</subfield>
    <subfield code="7">0</subfield>
    <subfield code="a">MU002</subfield>
    <subfield code="b">MU002</subfield>
    <subfield code="d">2023-10-01</subfield>
    <subfield code="l">0</subfield>
    <subfield code="o">657.45 MWI</subfield>
    <subfield code="p">003885</subfield>
    <subfield code="r">2025-09-30 11:29:58</subfield>
    <subfield code="t">7</subfield>
    <subfield code="w">2025-09-30</subfield>
    <subfield code="y">BK</subfield>
  </datafield>
  <datafield tag="952" ind1=" " ind2=" ">
    <subfield code="0">0</subfield>
    <subfield code="1">0</subfield>
    <subfield code="4">0</subfield>
    <subfield code="7">0</subfield>
    <subfield code="a">MU002</subfield>
    <subfield code="b">MU002</subfield>
    <subfield code="d">2023-10-01</subfield>
    <subfield code="l">0</subfield>
    <subfield code="o">657.45 MWI</subfield>
    <subfield code="p">003886</subfield>
    <subfield code="r">2025-09-30 11:29:58</subfield>
    <subfield code="t">8</subfield>
    <subfield code="w">2025-09-30</subfield>
    <subfield code="y">BK</subfield>
  </datafield>
  <datafield tag="952" ind1=" " ind2=" ">
    <subfield code="0">0</subfield>
    <subfield code="1">0</subfield>
    <subfield code="4">0</subfield>
    <subfield code="7">0</subfield>
    <subfield code="a">MU002</subfield>
    <subfield code="b">MU002</subfield>
    <subfield code="d">2023-10-01</subfield>
    <subfield code="l">0</subfield>
    <subfield code="o">657.45 MWI</subfield>
    <subfield code="p">003887</subfield>
    <subfield code="r">2025-09-30 11:29:58</subfield>
    <subfield code="t">9</subfield>
    <subfield code="w">2025-09-30</subfield>
    <subfield code="y">BK</subfield>
  </datafield>
  <datafield tag="952" ind1=" " ind2=" ">
    <subfield code="0">0</subfield>
    <subfield code="1">0</subfield>
    <subfield code="4">0</subfield>
    <subfield code="7">0</subfield>
    <subfield code="a">MU002</subfield>
    <subfield code="b">MU002</subfield>
    <subfield code="d">2023-10-01</subfield>
    <subfield code="l">0</subfield>
    <subfield code="o">657.45 MWI</subfield>
    <subfield code="p">003888</subfield>
    <subfield code="r">2025-09-30 11:29:58</subfield>
    <subfield code="t">10</subfield>
    <subfield code="w">2025-09-30</subfield>
    <subfield code="y">BK</subfield>
  </datafield>
  <datafield tag="952" ind1=" " ind2=" ">
    <subfield code="0">0</subfield>
    <subfield code="1">0</subfield>
    <subfield code="4">0</subfield>
    <subfield code="7">0</subfield>
    <subfield code="a">MU002</subfield>
    <subfield code="b">MU002</subfield>
    <subfield code="d">2023-10-01</subfield>
    <subfield code="l">0</subfield>
    <subfield code="o">657.45 MWI</subfield>
    <subfield code="p">003889</subfield>
    <subfield code="r">2025-09-30 11:29:58</subfield>
    <subfield code="t">11</subfield>
    <subfield code="w">2025-09-30</subfield>
    <subfield code="y">BK</subfield>
  </datafield>
  <datafield tag="952" ind1=" " ind2=" ">
    <subfield code="0">0</subfield>
    <subfield code="1">0</subfield>
    <subfield code="4">0</subfield>
    <subfield code="7">0</subfield>
    <subfield code="a">MU002</subfield>
    <subfield code="b">MU002</subfield>
    <subfield code="d">2023-10-01</subfield>
    <subfield code="l">0</subfield>
    <subfield code="o">657.45 MWI</subfield>
    <subfield code="p">003890</subfield>
    <subfield code="r">2025-09-30 11:29:58</subfield>
    <subfield code="t">12</subfield>
    <subfield code="w">2025-09-30</subfield>
    <subfield code="y">BK</subfield>
  </datafield>
  <datafield tag="952" ind1=" " ind2=" ">
    <subfield code="0">0</subfield>
    <subfield code="1">0</subfield>
    <subfield code="4">0</subfield>
    <subfield code="7">0</subfield>
    <subfield code="a">MU002</subfield>
    <subfield code="b">MU002</subfield>
    <subfield code="d">2023-10-01</subfield>
    <subfield code="l">0</subfield>
    <subfield code="o">657.45 MWI</subfield>
    <subfield code="p">003891</subfield>
    <subfield code="r">2025-09-30 11:29:58</subfield>
    <subfield code="t">13</subfield>
    <subfield code="w">2025-09-30</subfield>
    <subfield code="y">BK</subfield>
  </datafield>
  <datafield tag="952" ind1=" " ind2=" ">
    <subfield code="0">0</subfield>
    <subfield code="1">0</subfield>
    <subfield code="4">0</subfield>
    <subfield code="7">0</subfield>
    <subfield code="a">MU002</subfield>
    <subfield code="b">MU002</subfield>
    <subfield code="d">2023-10-01</subfield>
    <subfield code="l">0</subfield>
    <subfield code="o">657.45 MWI</subfield>
    <subfield code="p">003892</subfield>
    <subfield code="r">2025-09-30 11:29:58</subfield>
    <subfield code="t">14</subfield>
    <subfield code="w">2025-09-30</subfield>
    <subfield code="y">BK</subfield>
  </datafield>
  <datafield tag="952" ind1=" " ind2=" ">
    <subfield code="0">0</subfield>
    <subfield code="1">0</subfield>
    <subfield code="4">0</subfield>
    <subfield code="7">0</subfield>
    <subfield code="a">MU002</subfield>
    <subfield code="b">MU002</subfield>
    <subfield code="d">2023-10-01</subfield>
    <subfield code="l">0</subfield>
    <subfield code="o">657.45 MWI</subfield>
    <subfield code="p">003893</subfield>
    <subfield code="r">2025-09-30 11:29:58</subfield>
    <subfield code="t">15</subfield>
    <subfield code="w">2025-09-30</subfield>
    <subfield code="y">BK</subfield>
  </datafield>
  <datafield tag="952" ind1=" " ind2=" ">
    <subfield code="0">0</subfield>
    <subfield code="1">0</subfield>
    <subfield code="4">0</subfield>
    <subfield code="7">0</subfield>
    <subfield code="a">MU002</subfield>
    <subfield code="b">MU002</subfield>
    <subfield code="d">2023-10-01</subfield>
    <subfield code="l">0</subfield>
    <subfield code="o">657.45 MWI</subfield>
    <subfield code="p">003894</subfield>
    <subfield code="r">2025-09-30 11:29:58</subfield>
    <subfield code="t">16</subfield>
    <subfield code="w">2025-09-30</subfield>
    <subfield code="y">BK</subfield>
  </datafield>
  <datafield tag="952" ind1=" " ind2=" ">
    <subfield code="0">0</subfield>
    <subfield code="1">0</subfield>
    <subfield code="4">0</subfield>
    <subfield code="7">0</subfield>
    <subfield code="a">MU002</subfield>
    <subfield code="b">MU002</subfield>
    <subfield code="d">2023-10-01</subfield>
    <subfield code="l">0</subfield>
    <subfield code="o">657.45 MWI</subfield>
    <subfield code="p">003895</subfield>
    <subfield code="r">2025-09-30 11:29:58</subfield>
    <subfield code="t">17</subfield>
    <subfield code="w">2025-09-30</subfield>
    <subfield code="y">BK</subfield>
  </datafield>
  <datafield tag="952" ind1=" " ind2=" ">
    <subfield code="0">0</subfield>
    <subfield code="1">0</subfield>
    <subfield code="4">0</subfield>
    <subfield code="7">0</subfield>
    <subfield code="a">MU002</subfield>
    <subfield code="b">MU002</subfield>
    <subfield code="d">2023-10-01</subfield>
    <subfield code="l">0</subfield>
    <subfield code="o">657.45 MWI</subfield>
    <subfield code="p">003896</subfield>
    <subfield code="r">2025-09-30 11:29:58</subfield>
    <subfield code="t">18</subfield>
    <subfield code="w">2025-09-30</subfield>
    <subfield code="y">BK</subfield>
  </datafield>
  <datafield tag="952" ind1=" " ind2=" ">
    <subfield code="0">0</subfield>
    <subfield code="1">0</subfield>
    <subfield code="4">0</subfield>
    <subfield code="7">0</subfield>
    <subfield code="a">MU002</subfield>
    <subfield code="b">MU002</subfield>
    <subfield code="d">2023-10-01</subfield>
    <subfield code="l">0</subfield>
    <subfield code="o">657.45 MWI</subfield>
    <subfield code="p">003897</subfield>
    <subfield code="r">2025-09-30 11:29:58</subfield>
    <subfield code="t">19</subfield>
    <subfield code="w">2025-09-30</subfield>
    <subfield code="y">BK</subfield>
  </datafield>
  <datafield tag="952" ind1=" " ind2=" ">
    <subfield code="0">0</subfield>
    <subfield code="1">0</subfield>
    <subfield code="4">0</subfield>
    <subfield code="7">0</subfield>
    <subfield code="a">MU002</subfield>
    <subfield code="b">MU002</subfield>
    <subfield code="d">2023-10-01</subfield>
    <subfield code="l">0</subfield>
    <subfield code="o">657.45 MWI</subfield>
    <subfield code="p">003898</subfield>
    <subfield code="r">2025-09-30 11:29:58</subfield>
    <subfield code="t">20</subfield>
    <subfield code="w">2025-09-30</subfield>
    <subfield code="y">BK</subfield>
  </datafield>
  <datafield tag="952" ind1=" " ind2=" ">
    <subfield code="0">0</subfield>
    <subfield code="1">0</subfield>
    <subfield code="4">0</subfield>
    <subfield code="7">0</subfield>
    <subfield code="a">MU002</subfield>
    <subfield code="b">MU002</subfield>
    <subfield code="d">2023-10-01</subfield>
    <subfield code="l">0</subfield>
    <subfield code="o">657.45 MWI</subfield>
    <subfield code="p">003899</subfield>
    <subfield code="r">2025-09-30 11:29:58</subfield>
    <subfield code="t">21</subfield>
    <subfield code="w">2025-09-30</subfield>
    <subfield code="y">BK</subfield>
  </datafield>
  <datafield tag="952" ind1=" " ind2=" ">
    <subfield code="0">0</subfield>
    <subfield code="1">0</subfield>
    <subfield code="4">0</subfield>
    <subfield code="7">0</subfield>
    <subfield code="a">MU002</subfield>
    <subfield code="b">MU002</subfield>
    <subfield code="d">2023-10-01</subfield>
    <subfield code="l">0</subfield>
    <subfield code="o">657.45 MWI</subfield>
    <subfield code="p">003900</subfield>
    <subfield code="r">2025-09-30 11:29:58</subfield>
    <subfield code="t">22</subfield>
    <subfield code="w">2025-09-30</subfield>
    <subfield code="y">BK</subfield>
  </datafield>
  <datafield tag="952" ind1=" " ind2=" ">
    <subfield code="0">0</subfield>
    <subfield code="1">0</subfield>
    <subfield code="4">0</subfield>
    <subfield code="7">0</subfield>
    <subfield code="a">MU002</subfield>
    <subfield code="b">MU002</subfield>
    <subfield code="d">2023-10-01</subfield>
    <subfield code="l">0</subfield>
    <subfield code="o">657.45 MWI</subfield>
    <subfield code="p">003901</subfield>
    <subfield code="r">2025-09-30 11:29:58</subfield>
    <subfield code="t">23</subfield>
    <subfield code="w">2025-09-30</subfield>
    <subfield code="y">BK</subfield>
  </datafield>
  <datafield tag="952" ind1=" " ind2=" ">
    <subfield code="0">0</subfield>
    <subfield code="1">0</subfield>
    <subfield code="4">0</subfield>
    <subfield code="7">0</subfield>
    <subfield code="a">MU002</subfield>
    <subfield code="b">MU002</subfield>
    <subfield code="d">2023-10-01</subfield>
    <subfield code="l">0</subfield>
    <subfield code="o">657.45 MWI</subfield>
    <subfield code="p">003902</subfield>
    <subfield code="r">2025-09-30 11:29:58</subfield>
    <subfield code="t">24</subfield>
    <subfield code="w">2025-09-30</subfield>
    <subfield code="y">BK</subfield>
  </datafield>
  <datafield tag="952" ind1=" " ind2=" ">
    <subfield code="0">0</subfield>
    <subfield code="1">0</subfield>
    <subfield code="4">0</subfield>
    <subfield code="7">0</subfield>
    <subfield code="a">MU002</subfield>
    <subfield code="b">MU002</subfield>
    <subfield code="d">2023-10-01</subfield>
    <subfield code="l">0</subfield>
    <subfield code="o">657.45 MWI</subfield>
    <subfield code="p">003903</subfield>
    <subfield code="r">2025-09-30 11:29:58</subfield>
    <subfield code="t">25</subfield>
    <subfield code="w">2025-09-30</subfield>
    <subfield code="y">BK</subfield>
  </datafield>
  <datafield tag="952" ind1=" " ind2=" ">
    <subfield code="0">0</subfield>
    <subfield code="1">0</subfield>
    <subfield code="4">0</subfield>
    <subfield code="7">0</subfield>
    <subfield code="a">MU002</subfield>
    <subfield code="b">MU002</subfield>
    <subfield code="d">2023-10-01</subfield>
    <subfield code="l">0</subfield>
    <subfield code="o">657.45 MWI</subfield>
    <subfield code="p">003904</subfield>
    <subfield code="r">2025-09-30 11:29:58</subfield>
    <subfield code="t">26</subfield>
    <subfield code="w">2025-09-30</subfield>
    <subfield code="y">BK</subfield>
  </datafield>
  <datafield tag="952" ind1=" " ind2=" ">
    <subfield code="0">0</subfield>
    <subfield code="1">0</subfield>
    <subfield code="4">0</subfield>
    <subfield code="7">0</subfield>
    <subfield code="a">MU002</subfield>
    <subfield code="b">MU002</subfield>
    <subfield code="d">2023-10-01</subfield>
    <subfield code="l">0</subfield>
    <subfield code="o">657.45 MWI</subfield>
    <subfield code="p">003905</subfield>
    <subfield code="r">2025-09-30 11:29:58</subfield>
    <subfield code="t">27</subfield>
    <subfield code="w">2025-09-30</subfield>
    <subfield code="y">BK</subfield>
  </datafield>
  <datafield tag="952" ind1=" " ind2=" ">
    <subfield code="0">0</subfield>
    <subfield code="1">0</subfield>
    <subfield code="4">0</subfield>
    <subfield code="7">0</subfield>
    <subfield code="a">MU002</subfield>
    <subfield code="b">MU002</subfield>
    <subfield code="d">2023-10-01</subfield>
    <subfield code="l">0</subfield>
    <subfield code="o">657.45 MWI</subfield>
    <subfield code="p">003906</subfield>
    <subfield code="r">2025-09-30 11:29:58</subfield>
    <subfield code="t">28</subfield>
    <subfield code="w">2025-09-30</subfield>
    <subfield code="y">BK</subfield>
  </datafield>
  <datafield tag="952" ind1=" " ind2=" ">
    <subfield code="0">0</subfield>
    <subfield code="1">0</subfield>
    <subfield code="4">0</subfield>
    <subfield code="7">0</subfield>
    <subfield code="a">MU002</subfield>
    <subfield code="b">MU002</subfield>
    <subfield code="d">2023-10-01</subfield>
    <subfield code="l">0</subfield>
    <subfield code="o">657.45 MWI</subfield>
    <subfield code="p">003907</subfield>
    <subfield code="r">2025-09-30 11:29:58</subfield>
    <subfield code="t">29</subfield>
    <subfield code="w">2025-09-30</subfield>
    <subfield code="y">BK</subfield>
  </datafield>
  <datafield tag="952" ind1=" " ind2=" ">
    <subfield code="0">0</subfield>
    <subfield code="1">0</subfield>
    <subfield code="4">0</subfield>
    <subfield code="7">0</subfield>
    <subfield code="a">MU002</subfield>
    <subfield code="b">MU002</subfield>
    <subfield code="d">2023-10-01</subfield>
    <subfield code="l">0</subfield>
    <subfield code="o">657.45 MWI</subfield>
    <subfield code="p">003908</subfield>
    <subfield code="r">2025-09-30 11:29:58</subfield>
    <subfield code="t">30</subfield>
    <subfield code="w">2025-09-30</subfield>
    <subfield code="y">BK</subfield>
  </datafield>
  <datafield tag="952" ind1=" " ind2=" ">
    <subfield code="0">0</subfield>
    <subfield code="1">0</subfield>
    <subfield code="4">0</subfield>
    <subfield code="7">0</subfield>
    <subfield code="a">MU002</subfield>
    <subfield code="b">MU002</subfield>
    <subfield code="d">2023-10-01</subfield>
    <subfield code="l">0</subfield>
    <subfield code="o">657.45 MWI</subfield>
    <subfield code="p">003909</subfield>
    <subfield code="r">2025-09-30 11:29:58</subfield>
    <subfield code="t">31</subfield>
    <subfield code="w">2025-09-30</subfield>
    <subfield code="y">BK</subfield>
  </datafield>
  <datafield tag="952" ind1=" " ind2=" ">
    <subfield code="0">0</subfield>
    <subfield code="1">0</subfield>
    <subfield code="4">0</subfield>
    <subfield code="7">0</subfield>
    <subfield code="a">MU002</subfield>
    <subfield code="b">MU002</subfield>
    <subfield code="d">2023-10-01</subfield>
    <subfield code="l">0</subfield>
    <subfield code="o">657.45 MWI</subfield>
    <subfield code="p">003910</subfield>
    <subfield code="r">2025-09-30 11:29:58</subfield>
    <subfield code="t">32</subfield>
    <subfield code="w">2025-09-30</subfield>
    <subfield code="y">BK</subfield>
  </datafield>
  <datafield tag="952" ind1=" " ind2=" ">
    <subfield code="0">0</subfield>
    <subfield code="1">0</subfield>
    <subfield code="4">0</subfield>
    <subfield code="7">0</subfield>
    <subfield code="a">MU002</subfield>
    <subfield code="b">MU002</subfield>
    <subfield code="d">2023-10-01</subfield>
    <subfield code="l">0</subfield>
    <subfield code="o">657.45 MWI</subfield>
    <subfield code="p">003911</subfield>
    <subfield code="r">2025-09-30 11:29:58</subfield>
    <subfield code="t">33</subfield>
    <subfield code="w">2025-09-30</subfield>
    <subfield code="y">BK</subfield>
  </datafield>
  <datafield tag="952" ind1=" " ind2=" ">
    <subfield code="0">0</subfield>
    <subfield code="1">0</subfield>
    <subfield code="4">0</subfield>
    <subfield code="7">0</subfield>
    <subfield code="a">MU002</subfield>
    <subfield code="b">MU002</subfield>
    <subfield code="d">2023-10-01</subfield>
    <subfield code="l">0</subfield>
    <subfield code="o">657.45 MWI</subfield>
    <subfield code="p">003912</subfield>
    <subfield code="r">2025-09-30 11:29:58</subfield>
    <subfield code="t">34</subfield>
    <subfield code="w">2025-09-30</subfield>
    <subfield code="y">BK</subfield>
  </datafield>
  <datafield tag="952" ind1=" " ind2=" ">
    <subfield code="0">0</subfield>
    <subfield code="1">0</subfield>
    <subfield code="4">0</subfield>
    <subfield code="7">0</subfield>
    <subfield code="a">MU002</subfield>
    <subfield code="b">MU002</subfield>
    <subfield code="d">2023-10-01</subfield>
    <subfield code="l">0</subfield>
    <subfield code="o">657.45 MWI</subfield>
    <subfield code="p">003913</subfield>
    <subfield code="r">2025-09-30 11:29:58</subfield>
    <subfield code="t">35</subfield>
    <subfield code="w">2025-09-30</subfield>
    <subfield code="y">BK</subfield>
  </datafield>
  <datafield tag="952" ind1=" " ind2=" ">
    <subfield code="0">0</subfield>
    <subfield code="1">0</subfield>
    <subfield code="4">0</subfield>
    <subfield code="7">0</subfield>
    <subfield code="a">MU002</subfield>
    <subfield code="b">MU002</subfield>
    <subfield code="d">2023-10-01</subfield>
    <subfield code="l">0</subfield>
    <subfield code="o">657.45 MWI</subfield>
    <subfield code="p">003914</subfield>
    <subfield code="r">2025-09-30 11:29:58</subfield>
    <subfield code="t">36</subfield>
    <subfield code="w">2025-09-30</subfield>
    <subfield code="y">BK</subfield>
  </datafield>
  <datafield tag="952" ind1=" " ind2=" ">
    <subfield code="0">0</subfield>
    <subfield code="1">0</subfield>
    <subfield code="4">0</subfield>
    <subfield code="7">0</subfield>
    <subfield code="a">MU002</subfield>
    <subfield code="b">MU002</subfield>
    <subfield code="d">2023-10-01</subfield>
    <subfield code="l">0</subfield>
    <subfield code="o">657.45 MWI</subfield>
    <subfield code="p">003915</subfield>
    <subfield code="r">2025-09-30 11:29:58</subfield>
    <subfield code="t">37</subfield>
    <subfield code="w">2025-09-30</subfield>
    <subfield code="y">BK</subfield>
  </datafield>
  <datafield tag="952" ind1=" " ind2=" ">
    <subfield code="0">0</subfield>
    <subfield code="1">0</subfield>
    <subfield code="4">0</subfield>
    <subfield code="7">0</subfield>
    <subfield code="a">MU002</subfield>
    <subfield code="b">MU002</subfield>
    <subfield code="d">2023-10-01</subfield>
    <subfield code="l">0</subfield>
    <subfield code="o">657.45 MWI</subfield>
    <subfield code="p">003916</subfield>
    <subfield code="r">2025-09-30 11:29:58</subfield>
    <subfield code="t">38</subfield>
    <subfield code="w">2025-09-30</subfield>
    <subfield code="y">BK</subfield>
  </datafield>
  <datafield tag="952" ind1=" " ind2=" ">
    <subfield code="0">0</subfield>
    <subfield code="1">0</subfield>
    <subfield code="4">0</subfield>
    <subfield code="7">0</subfield>
    <subfield code="a">MU002</subfield>
    <subfield code="b">MU002</subfield>
    <subfield code="d">2023-10-01</subfield>
    <subfield code="l">0</subfield>
    <subfield code="o">657.45 MWI</subfield>
    <subfield code="p">003917</subfield>
    <subfield code="r">2025-09-30 11:29:58</subfield>
    <subfield code="t">39</subfield>
    <subfield code="w">2025-09-30</subfield>
    <subfield code="y">BK</subfield>
  </datafield>
  <datafield tag="952" ind1=" " ind2=" ">
    <subfield code="0">0</subfield>
    <subfield code="1">0</subfield>
    <subfield code="4">0</subfield>
    <subfield code="7">0</subfield>
    <subfield code="a">MU002</subfield>
    <subfield code="b">MU002</subfield>
    <subfield code="d">2023-10-01</subfield>
    <subfield code="l">0</subfield>
    <subfield code="o">657.45 MWI</subfield>
    <subfield code="p">003918</subfield>
    <subfield code="r">2025-09-30 11:29:58</subfield>
    <subfield code="t">40</subfield>
    <subfield code="w">2025-09-30</subfield>
    <subfield code="y">BK</subfield>
  </datafield>
  <datafield tag="952" ind1=" " ind2=" ">
    <subfield code="0">0</subfield>
    <subfield code="1">0</subfield>
    <subfield code="4">0</subfield>
    <subfield code="7">0</subfield>
    <subfield code="a">MU002</subfield>
    <subfield code="b">MU002</subfield>
    <subfield code="d">2023-10-01</subfield>
    <subfield code="l">0</subfield>
    <subfield code="o">657.45 MWI</subfield>
    <subfield code="p">003919</subfield>
    <subfield code="r">2025-09-30 11:29:58</subfield>
    <subfield code="t">41</subfield>
    <subfield code="w">2025-09-30</subfield>
    <subfield code="y">BK</subfield>
  </datafield>
  <datafield tag="952" ind1=" " ind2=" ">
    <subfield code="0">0</subfield>
    <subfield code="1">0</subfield>
    <subfield code="4">0</subfield>
    <subfield code="7">0</subfield>
    <subfield code="a">MU002</subfield>
    <subfield code="b">MU002</subfield>
    <subfield code="d">2023-10-01</subfield>
    <subfield code="l">0</subfield>
    <subfield code="o">657.45 MWI</subfield>
    <subfield code="p">003920</subfield>
    <subfield code="r">2025-09-30 11:29:58</subfield>
    <subfield code="t">42</subfield>
    <subfield code="w">2025-09-30</subfield>
    <subfield code="y">BK</subfield>
  </datafield>
  <datafield tag="952" ind1=" " ind2=" ">
    <subfield code="0">0</subfield>
    <subfield code="1">0</subfield>
    <subfield code="4">0</subfield>
    <subfield code="7">0</subfield>
    <subfield code="a">MU002</subfield>
    <subfield code="b">MU002</subfield>
    <subfield code="d">2023-10-01</subfield>
    <subfield code="l">0</subfield>
    <subfield code="o">657.45 MWI</subfield>
    <subfield code="p">003921</subfield>
    <subfield code="r">2025-09-30 11:29:58</subfield>
    <subfield code="t">43</subfield>
    <subfield code="w">2025-09-30</subfield>
    <subfield code="y">BK</subfield>
  </datafield>
  <datafield tag="952" ind1=" " ind2=" ">
    <subfield code="0">0</subfield>
    <subfield code="1">0</subfield>
    <subfield code="4">0</subfield>
    <subfield code="7">0</subfield>
    <subfield code="a">MU002</subfield>
    <subfield code="b">MU002</subfield>
    <subfield code="d">2023-10-01</subfield>
    <subfield code="l">0</subfield>
    <subfield code="o">657.45 MWI</subfield>
    <subfield code="p">003922</subfield>
    <subfield code="r">2025-09-30 11:29:58</subfield>
    <subfield code="t">44</subfield>
    <subfield code="w">2025-09-30</subfield>
    <subfield code="y">BK</subfield>
  </datafield>
  <datafield tag="952" ind1=" " ind2=" ">
    <subfield code="0">0</subfield>
    <subfield code="1">0</subfield>
    <subfield code="4">0</subfield>
    <subfield code="7">0</subfield>
    <subfield code="a">MU002</subfield>
    <subfield code="b">MU002</subfield>
    <subfield code="d">2023-10-01</subfield>
    <subfield code="l">0</subfield>
    <subfield code="o">657.45 MWI</subfield>
    <subfield code="p">003923</subfield>
    <subfield code="r">2025-09-30 11:29:58</subfield>
    <subfield code="t">45</subfield>
    <subfield code="w">2025-09-30</subfield>
    <subfield code="y">BK</subfield>
  </datafield>
  <datafield tag="952" ind1=" " ind2=" ">
    <subfield code="0">0</subfield>
    <subfield code="1">0</subfield>
    <subfield code="4">0</subfield>
    <subfield code="7">0</subfield>
    <subfield code="a">MU002</subfield>
    <subfield code="b">MU002</subfield>
    <subfield code="d">2023-10-01</subfield>
    <subfield code="l">0</subfield>
    <subfield code="o">657.45 MWI</subfield>
    <subfield code="p">003924</subfield>
    <subfield code="r">2025-09-30 11:29:58</subfield>
    <subfield code="t">46</subfield>
    <subfield code="w">2025-09-30</subfield>
    <subfield code="y">BK</subfield>
  </datafield>
</record>
